| 000 | 01011nam a22002297a 4500 | ||
|---|---|---|---|
| 005 | 20080929101452.0 | ||
| 008 | 080929t xxu||||| |||| 00| 0chin d | ||
| 010 | _aHIN-92061 | ||
| 020 |
_a9788190661744 _c200.00 |
||
| 035 | _aHN-64406 | ||
| 037 | _bDBAD / PUB | ||
| 040 |
_aDPL _bHN |
||
| 082 | _a303.62 | ||
| 100 |
_aतिवारी,सर्वेश _926640 |
||
| 245 |
_a दहशत में दुनिया / _cसर्वेश तिवारी |
||
| 246 |
_aDehshat meain duniya _bby Sarvesh tiwari |
||
| 260 |
_a दिल्ली _bआत्माराम एण्ड संस _c2011 |
||
| 270 |
_a1376,, कश्मीरी गेट, _bदिल्ली _e110006 _k011-23946466, 23973082 _matmaram-book@hotmail.com |
||
| 300 |
_a130पृ., _c22सेमी (सजिल्द) |
||
| 942 |
_2ddc _cHN _h303.62 _mतिवारी |
||
| 999 |
_c51105 _d51105 |
||